00321nam a2200121Ia 4500008004100000040001200041082001400053100003600067245003800103250001300141260003400154300001100188200103s9999||||xx |||||||||||||| ||und|| aIMU-MPC aColumn-48 aTimoshenko, S. and Young, D. H. 0aElements of Strength of Materials a4th Ed.  bD. Van Nostrand Companyc1964 ax, 377